[Event "Eastern Ontario op"]
[Site "Ottawa CAN"]
[Date "2023.06.17"]
[Round "3.3"]
[White "Azar, Sebastien"]
[Black "Kot, Emanuel"]
[Result "1-0"]
[WhiteElo "2208"]
[BlackElo "2185"]
[PlyCount "119"]
[EventDate "2023.06.16"]
[EventType "swiss"]
[EventRounds "5"]
[EventCountry "CAN"]

1. e4 e5 2. Nf3 Nc6 3. d4 exd4 4. Nxd4 Bb4+ 5. c3 Bc5 6. Be3 Bb6 7. Bc4 Nf6 8.
Nxc6 bxc6 9. Bxb6 axb6 10. e5 Nd5 11. O-O O-O 12. Nd2 d6 13. exd6 Qxd6 14. Qf3
Bb7 15. Rad1 Rad8 16. Rfe1 h6 17. Ne4 Qf4 18. Qxf4 Nxf4 19. f3 Rfe8 20. Kf2
Rxd1 21. Rxd1 Nd5 22. Re1 Kf8 23. g4 Nf4 24. Rd1 Nd5 25. h4 f6 26. Bb3 Nf4 27.
h5 Bc8 28. Ng3 Nh3+ 29. Kg2 Nf4+ 30. Kf2 Nh3+ 31. Kf1 Nf4 32. Bc4 b5 33. Rd4
Ne6 34. Bxe6 Bxe6 35. b3 Ra8 36. Rd2 Kf7 37. Kf2 c5 38. Ne4 c4 39. bxc4 f5 40.
gxf5 Bxc4 41. Rd7+ Kf8 42. Ke3 Bxa2 43. Rxc7 Bf7 44. Nc5 Kg8 45. Rb7 Bxh5 46.
Rxb5 Re8+ 47. Ne4 Bf7 48. Kf4 Rd8 49. Rb7 Rd3 50. Kg4 Kf8 51. Rc7 Rd1 52. c4 g5
53. fxg6 Bxg6 54. c5 h5+ 55. Kg5 Bxe4 56. fxe4 Rf1 57. e5 Ke8 58. e6 h4 59. c6
Rc1 60. Rh7 {Black lost on time} 1-0

[Event "Eastern Ontario op"]
[Site "Ottawa CAN"]
[Date "2023.06.17"]
[Round "3.5"]
[White "Byl, Oliver"]
[Black "Gordon, David"]
[Result "1/2-1/2"]
[WhiteElo "1917"]
[BlackElo "2144"]
[PlyCount "78"]
[EventDate "2023.06.16"]
[EventType "swiss"]
[EventRounds "5"]
[EventCountry "CAN"]

1. d4 Nf6 2. Nf3 c5 3. d5 e6 4. Nc3 exd5 5. Nxd5 Nxd5 6. Qxd5 Be7 7. Bf4 Nc6 8.
c3 d6 9. e4 Be6 10. Qd2 d5 11. exd5 Qxd5 12. Qxd5 Bxd5 13. Be2 O-O-O 14. O-O
Bd6 15. Bxd6 Rxd6 16. Rad1 Rhd8 17. a3 Bb3 18. Rxd6 Rxd6 19. Re1 f6 20. Bb5 Kc7
21. h4 Rd1 22. Rxd1 Bxd1 23. Nd2 a6 24. Bd3 h6 25. f4 Ne7 26. Kf2 Ba4 27. Ne4
Kc6 28. Ng3 Bd1 29. Nf5 Nxf5 30. Bxf5 b6 31. Bd3 a5 32. Ke3 Kd5 33. Bb5 Bg4 34.
Bd3 Bd7 35. Be2 Be8 36. Bd3 Bh5 37. Bf1 Bg6 38. Be2 Bc2 39. g3 Bb1 1/2-1/2

[Event "Eastern Ontario op"]
[Site "Ottawa CAN"]
[Date "2023.06.17"]
[Round "3.6"]
[White "Stopic, Alexander"]
[Black "Wang, Derek"]
[Result "0-1"]
[WhiteElo "1851"]
[BlackElo "2114"]
[PlyCount "80"]
[EventDate "2023.06.16"]
[EventType "swiss"]
[EventRounds "5"]
[EventCountry "CAN"]

1. c4 e6 2. d4 d5 3. Nc3 Nf6 4. Nf3 c6 5. e3 Nbd7 6. Bd3 dxc4 7. Bxc4 b5 8. Bb3
a6 9. O-O c5 10. d5 e5 11. Bc2 Bd6 12. e4 O-O 13. b3 Re8 14. h3 Qc7 15. Be3 Nb6
16. Rc1 Bd7 17. Nh4 Qd8 18. Nf5 Bxf5 19. exf5 Rc8 20. Bg5 Be7 21. Bxf6 Bxf6 22.
Be4 Qd6 23. Qf3 Red8 24. Rfd1 b4 25. Nb1 c4 26. bxc4 Nxc4 27. Qb3 Nb6 28. Nd2
Rxc1 29. Rxc1 Nxd5 30. Nc4 Qc5 31. Rc2 Nc3 32. Bf3 e4 33. Bg4 Rd3 34. Nd2 Qd4
35. Qb2 e3 36. fxe3 Qxe3+ 37. Kf1 h5 38. Bxh5 Bd4 39. Bxf7+ Kh8 40. Rxc3 Qf2#
0-1

[Event "Eastern Ontario op"]
[Site "Ottawa CAN"]
[Date "2023.06.18"]
[Round "4.1"]
[White "Dukic, Zachary"]
[Black "Sambuev, Bator"]
[Result "0-1"]
[WhiteElo "2320"]
[BlackElo "2530"]
[PlyCount "132"]
[EventDate "2023.06.16"]
[EventType "swiss"]
[EventRounds "5"]
[EventCountry "CAN"]

1. e4 e5 2. Nf3 Nc6 3. Bb5 a6 4. Ba4 d6 5. O-O Bd7 6. d4 Nxd4 7. Bxd7+ Qxd7 8.
Nxd4 exd4 9. Qxd4 Nf6 10. c4 Be7 11. Nc3 O-O 12. f3 c6 13. Be3 Qe6 14. b3 b5
15. Ne2 bxc4 16. bxc4 Nd7 17. Qd2 Bf6 18. Rac1 Rfb8 19. Bd4 Ne5 20. c5 Rd8 21.
cxd6 Rxd6 22. Qe3 Qxa2 23. Bxe5 Bxe5 24. f4 Bb2 25. Rc2 Qa3 26. Qb6 Bd4+ 27.
Nxd4 Qe3+ 28. Kh1 Rxd4 29. Qxc6 Rad8 30. Rcc1 a5 31. Rce1 Qd2 32. f5 R4d6 33.
Qc7 R6d7 34. Qg3 Rd3 35. Qg4 h6 36. h4 Qc3 37. f6 Rg3 38. Qf4 Rd2 39. Rf3 Rxf3
40. gxf3 Rd6 41. Qxd6 Qxe1+ 42. Kg2 Qxh4 43. e5 Qg5+ 44. Kf2 gxf6 45. exf6 Kh7
46. Qd3+ Qg6 47. Qc3 Qf5 48. Qc7 Kg6 49. Qd8 h5 50. Qg8+ Kxf6 51. Qh8+ Ke7 52.
Qd4 Qb5 53. Kg3 Ke6 54. f4 Qd5 55. Qa4 Kf6 56. Qa1+ Kg6 57. Qh8 a4 58. Qg8+ Kf6
59. Qh8+ Ke7 60. Qa1 Qd3+ 61. Kh4 Qe2 62. Qa3+ Kf6 63. Qd6+ Kg7 64. Qd4+ Kh7
65. Kh3 a3 66. Qf6 Qe6+ 0-1

[Event "Eastern Ontario op"]
[Site "Ottawa CAN"]
[Date "2023.06.18"]
[Round "4.4"]
[White "Sowa, Ryan"]
[Black "Moses, Neil"]
[Result "1-0"]
[WhiteElo "2316"]
[BlackElo "1969"]
[PlyCount "59"]
[EventDate "2023.06.16"]
[EventType "swiss"]
[EventRounds "5"]
[EventCountry "CAN"]

1. e4 c5 2. Nf3 Nc6 3. Bb5 g6 4. Bxc6 bxc6 5. O-O d5 6. d3 Bg7 7. Qe2 Bg4 8.
Nbd2 e5 9. h3 Bxf3 10. Nxf3 f6 11. exd5 cxd5 12. d4 cxd4 13. Nxd4 Kf7 14. Nb3
f5 15. Rd1 Bf6 16. Be3 Ne7 17. Bc5 Qd7 18. Bxe7 Kxe7 19. c4 Rac8 20. Rxd5 Qc6
21. Na5 Qc7 22. Rad1 Rhd8 23. b4 Kf7 24. c5 e4 25. Nc4 Rxd5 26. Rxd5 Rd8 27.
Qd1 Rxd5 28. Qxd5+ Kf8 29. Nd6 Qd7 30. b5 1-0

[Event "Eastern Ontario op"]
[Site "Ottawa CAN"]
[Date "2023.06.18"]
[Round "4.5"]
[White "Wang, Derek"]
[Black "Ramesh, Sanjay"]
[Result "1-0"]
[WhiteElo "2013"]
[BlackElo "2114"]
[PlyCount "75"]
[EventDate "2023.06.16"]
[EventType "swiss"]
[EventRounds "5"]
[EventCountry "CAN"]

1. Nf3 Nf6 2. d4 e6 3. c4 b6 4. Nc3 Bb7 5. Bg5 Bb4 6. e3 h6 7. Bxf6 Qxf6 8. Be2
O-O 9. Qc2 c5 10. O-O Bxc3 11. Qxc3 cxd4 12. Qxd4 Qxd4 13. Nxd4 a6 14. Rfd1 Nc6
15. Nf3 Rfd8 16. Rd6 Kf8 17. Rad1 Ke7 18. Ne1 Rab8 19. b3 Nb4 20. Rxb6 Nxa2 21.
Ra1 Nc3 22. Bd3 Rdc8 23. f3 d5 24. Kf2 dxc4 25. bxc4 Bc6 26. Rbxa6 Rb2+ 27. Kf1
Rd2 28. Ra7+ Kf6 29. R7a3 Nd1 30. Be2 Nb2 31. R3a2 Bd7 32. Rb1 Rb8 33. Rc1 e5
34. c5 Be6 35. Ra6 Rb4 36. c6 Rxe2 37. c7 Ke7 38. Rxe6+ 1-0

[Event "Eastern Ontario op"]
[Site "Ottawa CAN"]
[Date "2023.06.18"]
[Round "4.6"]
[White "Petersen , Caleb"]
[Black "Zhu, Matthew"]
[Result "1-0"]
[WhiteElo "2098"]
[BlackElo "2178"]
[PlyCount "131"]
[EventDate "2023.06.16"]
[EventType "swiss"]
[EventRounds "5"]
[EventCountry "CAN"]

1. e4 c5 2. Nf3 d6 3. d4 cxd4 4. Nxd4 Nf6 5. Nc3 a6 6. Be3 e5 7. Nf3 Be7 8. Bc4
O-O 9. O-O Nc6 10. Qe2 Na5 11. Bd5 Be6 12. Rfd1 Bxd5 13. Nxd5 Nxd5 14. Rxd5 Qc7
15. b3 b5 16. c4 bxc4 17. b4 Nc6 18. Qxc4 Rfc8 19. Qb3 Rab8 20. a3 Rb7 21. h3
h6 22. Rc1 Qb8 23. Rd3 Rbc7 24. Rdc3 Bd8 25. Qd5 Ne7 26. Qd3 Rxc3 27. Rxc3 Rxc3
28. Qxc3 Qb5 29. Nd2 Bb6 30. a4 Bd4 31. axb5 Bxc3 32. bxa6 Nc8 33. Nc4 Bxb4 34.
a7 Nxa7 35. Bxa7 Kf8 36. Ne3 g6 37. Kf1 Ba3 38. Nd5 f5 39. f3 Kf7 40. Be3 h5
41. Ke2 f4 42. Bb6 Bc1 43. Kd3 Ke6 44. Kc4 Bd2 45. Kb5 Kd7 46. Ba5 Bc1 47. Nb6+
Ke6 48. Kc6 g5 49. Nc4 Ke7 50. Bc7 Kf6 51. Bxd6 g4 52. Nxe5 gxh3 53. gxh3 Bb2
54. Nd3 Bd4 55. Bxf4 Ke6 56. Nc5+ Ke7 57. Kd5 Bg7 58. Bg5+ Ke8 59. Ke6 h4 60.
Nb7 Bd4 61. Nd6+ Kf8 62. Be7+ Kg8 63. f4 Kh7 64. f5 Bg7 65. f6 Bh6 66. f7 1-0

[Event "Eastern Ontario op"]
[Site "Ottawa CAN"]
[Date "2023.05.18"]
[Round "5.1"]
[White "Sambuev, Bator"]
[Black "Azar, Sebastien"]
[Result "1/2-1/2"]
[WhiteElo "2530"]
[BlackElo "2208"]
[PlyCount "91"]
[EventDate "2023.06.16"]
[EventType "swiss"]
[EventRounds "5"]
[EventCountry "CAN"]

1. Nf3 d5 2. c4 c6 3. e3 Nf6 4. b3 e6 5. Bb2 Bd6 6. g4 O-O 7. g5 Nfd7 8. Nc3
Na6 9. Rg1 Nc7 10. cxd5 exd5 11. Qc2 Re8 12. Bd3 g6 13. Ne2 Ne5 14. Nxe5 Bxe5
15. Bxe5 Rxe5 16. h4 Re7 17. h5 Be6 18. Rh1 d4 19. e4 Bg4 20. hxg6 fxg6 21. Rh4
Bxe2 22. Bxe2 Qd7 23. O-O-O Rd8 24. Bd3 a5 25. Rdh1 b5 26. Kd1 Na6 27. a3 Qd6
28. e5 Qxa3 29. Bxg6 Nb4 30. Qb1 d3 31. Bxh7+ Kf8 32. Bf5 Rf7 33. Rh8+ Ke7 34.
Rxd8 Kxd8 35. Rh8+ Kc7 36. Rh7 Rxh7 37. Bxh7 a4 38. g6 axb3 39. g7 b2 40. Bxd3
Qb3+ 41. Bc2 Nxc2 42. g8=Q Qd5 43. Qf7+ Qxf7 44. Kxc2 Qc4+ 45. Kxb2 Qd4+ 46.
Kc1 1/2-1/2

[Event "Eastern Ontario op"]
[Site "Ottawa CAN"]
[Date "2023.06.18"]
[Round "5.4"]
[White "Gordon, David"]
[Black "Dukic, Zachary"]
[Result "0-1"]
[WhiteElo "2144"]
[BlackElo "2320"]
[PlyCount "102"]
[EventDate "2023.06.16"]
[EventType "swiss"]
[EventRounds "5"]
[EventCountry "CAN"]

1. c4 c5 2. Nc3 Nc6 3. Nf3 g6 4. d4 cxd4 5. Nxd4 Bg7 6. Nc2 Bxc3+ 7. bxc3 d6 8.
g3 Be6 9. Bg2 Qd7 10. Nd4 Bh3 11. Bxh3 Qxh3 12. Nxc6 bxc6 13. Qd4 f6 14. Qe4
Kf7 15. Qxc6 Rc8 16. Qd5+ Qe6 17. Be3 Rxc4 18. Qxe6+ Kxe6 19. Kd2 f5 20. Bxa7
Nf6 21. Bd4 Ne4+ 22. Kd3 Rhc8 23. Rhc1 Kd5 24. f3 e5 25. fxe4+ fxe4+ 26. Kd2
exd4 27. cxd4 e3+ 28. Kd1 Rxd4+ 29. Ke1 Rxc1+ 30. Rxc1 Ra4 31. Rc2 Ke4 32. Rb2
d5 33. Kd1 d4 34. Kc2 Rc4+ 35. Kd1 d3 36. exd3+ Kxd3 37. Rb3+ Ke4 38. Rb7 h5
39. Re7+ Kf3 40. Rf7+ Kg2 41. Rf6 Rg4 42. Ke2 Kxh2 43. a4 Kxg3 44. a5 g5 45.
Kxe3 Ra4 46. Rf5 Kg4 47. Rd5 h4 48. Kf2 h3 49. Kg1 Kh4 50. Kh1 Ra1+ 51. Kh2 g4
0-1

[Event "Eastern Ontario op"]
[Site "Ottawa CAN"]
[Date "2023.06.18"]
[Round "5.5"]
[White "Kellar, Ben"]
[Black "Qian, Eric"]
[Result "0-1"]
[WhiteElo "2059"]
[BlackElo "2100"]
[PlyCount "60"]
[EventDate "2023.06.16"]
[EventType "swiss"]
[EventRounds "5"]
[EventCountry "CAN"]

1. d4 d5 2. c4 e6 3. Nc3 Nf6 4. cxd5 exd5 5. Bg5 c6 6. Qc2 Be7 7. e3 Nbd7 8.
Nf3 h6 9. Bh4 Nh5 10. Bxe7 Qxe7 11. Be2 Nb6 12. O-O O-O 13. Rac1 Bd7 14. Ne5
Nf6 15. Nxd7 Nbxd7 16. a3 a5 17. Bf3 Rfe8 18. b4 Nb6 19. Rb1 Nc4 20. Qc1 h5 21.
Re1 b5 22. e4 dxe4 23. Nxe4 Nxe4 24. Rxe4 Qd6 25. a4 axb4 26. axb5 cxb5 27. Rh4
Ra2 28. Rxh5 Qxd4 29. Qf1 Nd2 30. Rd1 Rd8 0-1

[Event "Eastern Ontario op"]
[Site "Ottawa CAN"]
[Date "2023.06.18"]
[Round "5.6"]
[White "Mahdjoubi, Abdelaziz"]
[Black "Kot, Emanuel"]
[Result "0-1"]
[WhiteElo "1839"]
[BlackElo "2185"]
[PlyCount "56"]
[EventDate "2023.06.16"]
[EventType "swiss"]
[EventRounds "5"]
[EventCountry "CAN"]

1. Nf3 Nf6 2. g3 g6 3. Bg2 Bg7 4. c4 O-O 5. d4 d6 6. Nc3 Nbd7 7. Bg5 h6 8. Be3
e5 9. h3 c6 10. Qd2 Kh7 11. g4 Ng8 12. d5 c5 13. b3 f5 14. gxf5 gxf5 15. h4 e4
16. Ng1 Ndf6 17. Nh3 Nh5 18. O-O-O Bd7 19. Rdg1 Qa5 20. Kc2 b5 21. a4 bxc4 22.
Nb5 cxb3+ 23. Kxb3 Qb6 24. Kc4 a6 25. Nxd6 Bxa4 26. Rb1 Qxd6 27. Bxc5 Rfc8 28.
Qe3 Bf8 0-1

[Event "Etoiles montantes 4"]
[Site "Montreal CAN"]
[Date "2023.01.07"]
[Round "1.4"]
[White "Di Matteo, Alessio"]
[Black "Tanaka, Tyler"]
[Result "0-1"]
[WhiteElo "1598"]
[BlackElo "2250"]
[PlyCount "76"]
[EventDate "2023.01.07"]
[EventType "swiss"]
[EventRounds "5"]
[EventCountry "CAN"]

1. d4 Nf6 2. c4 e6 3. Nc3 Bb4 4. e3 O-O 5. Bd3 d5 6. cxd5 exd5 7. Nge2 c6 8.
O-O Re8 9. Bd2 Bd6 10. h3 Nbd7 11. Rc1 Qe7 12. a3 Ne4 13. Nxe4 dxe4 14. Bb1 Qh4
15. Nf4 Nf6 16. g3 Qh6 17. h4 Bg4 18. Qb3 Bxf4 19. exf4 Rab8 20. Qa4 a6 21. Qa5
Nd5 22. Rfe1 Bf3 23. Ba2 Rbd8 24. Bc4 Qe6 25. Bf1 Ne7 26. Be3 h6 27. Kh2 Rd7
28. Bh3 Bg4 29. Bf1 Red8 30. Bc4 Qg6 31. Bf1 Nf5 32. Bg2 Re8 33. Qc3 Rd5 34.
Rc2 Qh5 35. Kg1 Bf3 36. Bh3 Nxh4 37. gxh4 Qxh4 38. Qc4 Qxh3 0-1

[Event "Etoiles montantes 4"]
[Site "Montreal CAN"]
[Date "2023.01.07"]
[Round "1.5"]
[White "Genzling, Jerome"]
[Black "Van der Valk Bouman, Jim Gerrit Rene"]
[Result "1-0"]
[WhiteElo "2033"]
[BlackElo "1536"]
[PlyCount "57"]
[EventDate "2023.01.07"]
[EventType "swiss"]
[EventRounds "5"]
[EventCountry "CAN"]

1. e4 d6 2. d4 Nf6 3. Nc3 g6 4. f4 Bg7 5. a3 O-O 6. Nf3 Bg4 7. Be2 c6 8. Be3
Re8 9. Qd2 b5 10. h3 Bxf3 11. Bxf3 e5 12. dxe5 dxe5 13. Qxd8 Rxd8 14. f5 Nbd7
15. O-O-O a6 16. g4 Rac8 17. g5 Ne8 18. f6 Bf8 19. Bg4 Bd6 20. Rh2 Rb8 21. h4
h5 22. Bxd7 Rxd7 23. Rhd2 Rbd8 24. Ne2 a5 25. Kb1 Kf8 26. Bb6 Ra8 27. Nc1 Rb7
28. Rxd6 Nxd6 29. Bc5 1-0

[Event "Etoiles montantes 4"]
[Site "Montreal CAN"]
[Date "2023.01.07"]
[Round "1.6"]
[White "Sonko, Babacar"]
[Black "Saha, Ananda"]
[Result "0-1"]
[WhiteElo "1524"]
[BlackElo "2032"]
[PlyCount "42"]
[EventDate "2023.01.07"]
[EventType "swiss"]
[EventRounds "5"]
[EventCountry "CAN"]

1. e4 e6 2. Nf3 d5 3. exd5 exd5 4. d4 Bd6 5. Bd3 Nc6 6. Bg5 Nge7 7. c3 f6 8.
Be3 Bf5 9. Qc2 Qd7 10. Nbd2 Bxd3 11. Qxd3 Nf5 12. O-O O-O-O 13. b4 g5 14. Nb3
Nh4 15. Nxh4 gxh4 16. Nc5 Bxc5 17. bxc5 Rdg8 18. Kh1 Rxg2 19. Bf4 Rhg8 20. Qe3
Qg4 21. f3 Rxh2+ 0-1

[Event "Etoiles montantes 4"]
[Site "Montreal CAN"]
[Date "2023.01.07"]
[Round "1.7"]
[White "Bassel, Charaf"]
[Black "Efpraxiadis, Jean"]
[Result "1-0"]
[WhiteElo "2006"]
[BlackElo "1479"]
[PlyCount "69"]
[EventDate "2023.01.07"]
[EventType "swiss"]
[EventRounds "5"]
[EventCountry "CAN"]

1. e4 c6 2. Nf3 d5 3. Nc3 Nf6 4. e5 Ne4 5. Bd3 Bf5 6. O-O Nxc3 7. dxc3 Bxd3 8.
Qxd3 e6 9. c4 Be7 10. Be3 Nd7 11. Rfd1 Qc7 12. cxd5 cxd5 13. Bd4 Rc8 14. c3 a6
15. Rf1 Nc5 16. Bxc5 Qxc5 17. Nd4 Qc4 18. Qg3 Rg8 19. Kh1 Kd7 20. f4 b5 21. f5
Rcf8 22. Qh3 Ke8 23. f6 gxf6 24. exf6 Bd6 25. Nxe6 Rg6 26. Nxf8 Kxf8 27. Qxh7
Qg4 28. Qh3 Qxh3 29. gxh3 Be5 30. Rad1 Bxf6 31. Rxd5 b4 32. Rd6 Kg7 33. Rdxf6
Rxf6 34. Rxf6 Kxf6 35. cxb4 1-0

[Event "Etoiles montantes 4"]
[Site "Montreal CAN"]
[Date "2023.01.07"]
[Round "1.8"]
[White "Hu, Raymond"]
[Black "Batorshyn, Ilia"]
[Result "0-1"]
[WhiteElo "1374"]
[BlackElo "1992"]
[PlyCount "80"]
[EventDate "2023.01.07"]
[EventType "swiss"]
[EventRounds "5"]
[EventCountry "CAN"]

1. e4 c6 2. d4 d5 3. e5 Bf5 4. Nf3 e6 5. c3 Nd7 6. Be2 h6 7. O-O Ne7 8. Na3 Bh7
9. Nc2 a5 10. a4 c5 11. Bf4 Nc6 12. Bb5 Be7 13. Bd3 Bxd3 14. Qxd3 Qc7 15. Na3
Na7 16. Bg3 O-O 17. Rfe1 cxd4 18. Nxd4 Nc5 19. Qc2 Ne4 20. Ndb5 Nxb5 21. Nxb5
Qb6 22. Rxe4 dxe4 23. Qxe4 Rad8 24. Qe2 Qc6 25. Nd4 Qd5 26. Qg4 Kh7 27. h4 Bc5
28. Rd1 Qc4 29. Qe4+ Kh8 30. Bf4 Bxd4 31. Rxd4 Rxd4 32. cxd4 Qxa4 33. Qe3 Qd1+
34. Kh2 Qc2 35. g4 Qg6 36. Kh3 h5 37. f3 Rc8 38. Qb3 hxg4+ 39. fxg4 Qe4 40. Be3
Rc2 0-1

[Event "Etoiles montantes 4"]
[Site "Montreal CAN"]
[Date "2023.01.07"]
[Round "1.9"]
[White "Morin-Pare, Victor"]
[Black "Wu, Ting En Ryan"]
[Result "1-0"]
[WhiteElo "1819"]
[BlackElo "1459"]
[PlyCount "85"]
[EventDate "2023.01.07"]
[EventType "swiss"]
[EventRounds "5"]
[EventCountry "CAN"]

1. d4 d5 2. Bf4 Nf6 3. e3 c6 4. c3 Bf5 5. Nd2 e6 6. Ngf3 Nbd7 7. Be2 Be7 8. Nh4
Bg6 9. h3 Be4 10. Nhf3 Bg6 11. Nh4 Be4 12. Nhf3 Bg6 13. O-O h6 14. c4 O-O 15.
cxd5 cxd5 16. Qb3 Qb6 17. Rfc1 Rac8 18. Ne5 Bh7 19. Bd3 Bxd3 20. Nxd3 Qa5 21.
Nf3 Nb6 22. Nfe5 Ne4 23. Qd1 f6 24. Ng6 Rfe8 25. Rxc8 Nxc8 26. f3 Ng5 27. Rc1
Nb6 28. h4 Nf7 29. Rc7 Bd8 30. Rxb7 Qb5 31. Rxa7 Nc4 32. b3 Na5 33. Nc5 Qc6 34.
Qd2 e5 35. Bg3 exd4 36. exd4 Qb5 37. Nf4 Bb6 38. a4 Nxb3 39. axb5 Nxd2 40. Rd7
Rc8 41. Nxd5 Bd8 42. b6 Nc4 43. b7 1-0

[Event "Etoiles montantes 4"]
[Site "Montreal CAN"]
[Date "2023.01.06"]
[Round "1.10"]
[White "Napior, Cody"]
[Black "Deboosere, Adam"]
[Result "0-1"]
[WhiteElo "1397"]
[BlackElo "1709"]
[PlyCount "116"]
[EventDate "2023.01.07"]
[EventType "swiss"]
[EventRounds "5"]
[EventCountry "CAN"]

1. d4 Nf6 2. Bf4 d5 3. Nd2 c5 4. c3 Qb6 5. Qb3 c4 6. Qxb6 axb6 7. Ngf3 Nc6 8.
Ne5 Nh5 9. e3 Nxf4 10. exf4 f6 11. Nef3 b5 12. a3 b4 13. cxb4 Nxb4 14. Rc1 Nc6
15. g3 Ra5 16. Bg2 Rb5 17. Nxc4 dxc4 18. Rxc4 Be6 19. Rc2 Bb3 20. Rc5 Rxc5 21.
dxc5 e6 22. Nd2 Na5 23. Nxb3 Nxb3 24. Bxb7 Bxc5 25. Bc6+ Ke7 26. Ba4 Rb8 27. f3
Bd4 28. Ke2 Nc5 29. b3 Nxa4 30. bxa4 Bc5 31. h4 Bxa3 32. Ra1 Bb2 33. Rb1 Be5
34. Rc1 Bd6 35. Rc4 Rb4 36. Kd3 Kd7 37. h5 Rxc4 38. Kxc4 Kc6 39. Kd4 Bc5+ 40.
Ke4 Kd6 41. g4 Bb6 42. Kd3 Kd5 43. Kc3 Bc7 44. Kb4 Bxf4 45. Kb5 g6 46. a5 f5
47. a6 Be3 48. hxg6 hxg6 49. g5 e5 50. Kb4 e4 51. f4 Ba7 52. Kc3 e3 53. Kd3 Bb6
54. Ke2 Ke4 55. Kf1 Kf3 56. Ke1 Ba5+ 57. Kd1 e2+ 58. Kc2 e1=Q 0-1

[Event "Etoiles montantes 4"]
[Site "Montreal CAN"]
[Date "2023.01.07"]
[Round "1.11"]
[White "Mickelson, Jonah"]
[Black "Wu, Hao En Colin"]
[Result "1-0"]
[WhiteElo "1365"]
[BlackElo "625"]
[PlyCount "74"]
[EventDate "2023.01.07"]
[EventType "swiss"]
[EventRounds "5"]
[EventCountry "CAN"]

1. e4 c5 2. c3 Nc6 3. d4 d6 4. Nf3 Nf6 5. d5 Ne5 6. Nxe5 dxe5 7. Bd3 g6 8. O-O
Bg7 9. c4 O-O 10. Nc3 Ng4 11. h3 Nf6 12. Be3 b6 13. a4 e6 14. a5 Bd7 15. Qe2
exd5 16. cxd5 Qc7 17. axb6 axb6 18. Rfc1 Ra7 19. Rxa7 Qxa7 20. f3 Qb7 21. Ra1
Ra8 22. Rxa8+ Qxa8 23. Nb5 Qa1+ 24. Kh2 Bc8 25. Nd6 Qa8 26. Nb5 Nd7 27. Nd6 Qb8
28. Nxc8 Qxc8 29. Bb5 h5 30. Bc6 Nb8 31. Qb5 f6 32. Qxb6 Bf8 33. Bb5 Nd7 34.
Bxd7 Qxd7 35. Bxc5 Bxc5 36. Qxc5 Qf7 37. d6 Qd7 1-0

[Event "Etoiles montantes 4"]
[Site "Montreal CAN"]
[Date "2023.01.07"]
[Round "2.4"]
[White "Tanaka, Tyler"]
[Black "Morin-Pare, Victor"]
[Result "1-0"]
[WhiteElo "2250"]
[BlackElo "1819"]
[PlyCount "59"]
[EventDate "2023.01.07"]
[EventType "swiss"]
[EventRounds "5"]
[EventCountry "CAN"]

1. Nf3 Nf6 2. c4 e6 3. g3 d5 4. Bg2 c6 5. O-O Be7 6. b3 O-O 7. Bb2 Nbd7 8. e3
b6 9. d4 Ba6 10. Nbd2 Rc8 11. Rc1 c5 12. Re1 cxd4 13. exd4 dxc4 14. bxc4 b5 15.
c5 Nd5 16. Ne4 Qa5 17. Qb3 Rfd8 18. Nc3 N7f6 19. Ne5 b4 20. Ne4 h6 21. Nxf6+
Bxf6 22. Ng4 Bg5 23. Ne3 Nc3 24. Bxc3 bxc3 25. Qxc3 Qxc3 26. Rxc3 Rxd4 27. c6
Bb5 28. Rb1 a6 29. c7 Kh7 30. Bb7 1-0

[Event "Etoiles montantes 4"]
[Site "Montreal CAN"]
[Date "2023.01.07"]
[Round "2.5"]
[White "Deboosere, Adam"]
[Black "Genzling, Jerome"]
[Result "1/2-1/2"]
[WhiteElo "1709"]
[BlackElo "2033"]
[PlyCount "102"]
[EventDate "2023.01.07"]
[EventType "swiss"]
[EventRounds "5"]
[EventCountry "CAN"]

1. d4 d5 2. Nf3 e6 3. e3 Nf6 4. Bd3 c5 5. b3 Bd6 6. Bb2 O-O 7. O-O Nbd7 8. Ne5
Qc7 9. f4 Ne4 10. Nd2 Ndf6 11. Ndf3 b6 12. g4 a5 13. Qe2 a4 14. Rac1 axb3 15.
axb3 Ra2 16. c4 Bb7 17. b4 Qe7 18. bxc5 bxc5 19. Ra1 Rfa8 20. Rxa2 Rxa2 21. Bb1
Nc3 22. Qc2 Nxb1 23. Qxb1 Ra7 24. Ng5 cxd4 25. Bxd4 Bc5 26. cxd5 Bxd4 27. exd4
Bxd5 28. Ngxf7 Rb7 29. Qc2 Nxg4 30. Qc8+ Qf8 31. Qxf8+ Kxf8 32. Nxg4 Kxf7 33.
f5 Rb2 34. fxe6+ Kxe6 35. Re1+ Kd6 36. Ne3 g6 37. Nxd5 Kxd5 38. Re7 h5 39. Re5+
Kxd4 40. Re6 g5 41. Rh6 h4 42. Re6 h3 43. Re8 Kd3 44. Re1 g4 45. Re8 Rb1+ 46.
Kf2 Rh1 47. Kg3 Rg1+ 48. Kh4 Kd4 49. Re2 Rg2 50. Re8 g3 51. Kxh3 Rxh2+ 1/2-1/2

[Event "Etoiles montantes 4"]
[Site "Montreal CAN"]
[Date "2023.01.07"]
[Round "2.6"]
[White "Yan, Alex Jikai"]
[Black "Sonko, Babacar"]
[Result "1-0"]
[WhiteElo "1685"]
[BlackElo "1524"]
[PlyCount "57"]
[EventDate "2023.01.07"]
[EventType "swiss"]
[EventRounds "5"]
[EventCountry "CAN"]

1. e4 e5 2. Nf3 Nc6 3. Bc4 Bc5 4. c3 Nf6 5. d3 d6 6. Bb3 a6 7. O-O Bg4 8. Be3
Qe7 9. Nbd2 Nd8 10. h3 Be6 11. d4 Ba7 12. Re1 c6 13. Qc2 O-O 14. Rad1 Nh5 15.
Bxe6 Qxe6 16. c4 Nf4 17. c5 Qf6 18. cxd6 exd4 19. e5 d3 20. Qa4 Ne2+ 21. Rxe2
dxe2 22. exf6 exd1=Q+ 23. Qxd1 gxf6 24. Nd4 Ne6 25. Qg4+ Kh8 26. Qh4 Ng5 27.
Qh6 Rg8 28. Qxf6+ Rg7 29. Bxg5 1-0

[Event "Etoiles montantes 4"]
[Site "Montreal CAN"]
[Date "2023.01.07"]
[Round "2.7"]
[White "Efpraxiadis, Jean"]
[Black "Joanis, Marc-Andre"]
[Result "1/2-1/2"]
[WhiteElo "1479"]
[BlackElo "1682"]
[PlyCount "116"]
[EventDate "2023.01.07"]
[EventType "swiss"]
[EventRounds "5"]
[EventCountry "CAN"]

1. d4 Nf6 2. Bf4 e6 3. Nf3 b6 4. e3 Bb7 5. Bd3 d5 6. Nbd2 Bd6 7. Bg3 O-O 8. Qe2
Ne4 9. c4 Nxd2 10. Qxd2 Nc6 11. a3 Na5 12. Qc2 dxc4 13. Bxc4 Nxc4 14. Qxc4 a5
15. Qc2 Rc8 16. Rd1 Qf6 17. Be5 Qg6 18. Qxg6 hxg6 19. O-O Bxf3 20. gxf3 Bxe5
21. dxe5 Rfd8 22. Rfe1 Kf8 23. Kf1 Ke7 24. Ke2 Rh8 25. Rh1 Rcd8 26. h4 c5 27.
a4 Rxd1 28. Kxd1 Kd7 29. Kc2 Kc6 30. f4 b5 31. b3 bxa4 32. bxa4 Rb8 33. Rd1 Rb4
34. Ra1 c4 35. Kc3 Kc5 36. Ra3 Rb1 37. Ra2 Rb3+ 38. Kd2 Kb4 39. Rc2 Rd3+ 40.
Ke2 Kb3 41. Rc1 Rc3 42. Rb1+ Kxa4 43. Rb7 Rd3 44. Rxf7 Kb3 45. Rb7+ Kc2 46. Ra7
Ra3 47. Ra6 Rb3 48. Rxe6 a4 49. Ra6 a3 50. e6 Kb2 51. e7 Rb8 52. Rb6+ Rxb6 53.
e8=Q a2 54. Qd8 Rb3 55. Qd2+ Ka3 56. Qa5+ Kb2 57. Qd2+ Ka3 58. Qa5+ Kb2 1/2-1/2

[Event "Etoiles montantes 4"]
[Site "Montreal CAN"]
[Date "2023.01.07"]
[Round "2.8"]
[White "Goldner, John"]
[Black "Hu, Raymond"]
[Result "1-0"]
[WhiteElo "1640"]
[BlackElo "1374"]
[PlyCount "59"]
[EventDate "2023.01.07"]
[EventType "swiss"]
[EventRounds "5"]
[EventCountry "CAN"]

1. e4 c5 2. b4 e6 3. bxc5 Bxc5 4. d4 Be7 5. Bd3 Nf6 6. Nf3 d5 7. e5 Ne4 8. c3
Ng5 9. O-O Nxf3+ 10. Qxf3 Nc6 11. Qg3 g5 12. f4 h6 13. Qf3 Qb6 14. Rf2 Kd7 15.
fxg5 hxg5 16. Na3 a6 17. Rb1 Qa5 18. Rb3 b5 19. Qxf7 Nxd4 20. cxd4 Rf8 21. Qxf8
Bxf8 22. Rxf8 Ke7 23. Rf1 Bb7 24. Bxg5+ Kd7 25. Nc2 Rg8 26. h4 Qxa2 27. Ra3 Qb2
28. Bc1 Qb1 29. Bd2 Qb2 30. Bc3 1-0

[Event "Etoiles montantes 4"]
[Site "Montreal CAN"]
[Date "2023.01.07"]
[Round "2.9"]
[White "Wu, Ting En Ryan"]
[Black "Di Matteo, Alessio"]
[Result "0-1"]
[WhiteElo "1459"]
[BlackElo "1598"]
[PlyCount "68"]
[EventDate "2023.01.07"]
[EventType "swiss"]
[EventRounds "5"]
[EventCountry "CAN"]

1. d4 Nf6 2. Bf4 e6 3. Nf3 c5 4. e3 b6 5. c3 Bb7 6. Nbd2 Be7 7. Bd3 d6 8. O-O
Nh5 9. Bg3 Nxg3 10. fxg3 Nd7 11. e4 cxd4 12. cxd4 O-O 13. Qe2 Nf6 14. Rac1 Rc8
15. Rfe1 Re8 16. a3 Rxc1 17. Rxc1 Qb8 18. Nb1 Rc8 19. Nc3 Qa8 20. Re1 Rd8 21.
Qc2 h6 22. Rf1 Ng4 23. Qe2 Nf6 24. h3 Qb8 25. g4 Nd7 26. Qf2 Rf8 27. Ne2 Qa8
28. Ng3 Nf6 29. Re1 Nd7 30. h4 Qd8 31. Nh5 e5 32. g5 hxg5 33. hxg5 g6 34. Ng3
Bxg5 0-1